000 00580nam a22001817a 4500
003 UA-OsUOA
001 10073
007 ta
008 20041228b un ||||| |||| 00| 0 ukr d
100 _aНоваківський З . В .
942 _cSA
040 _aUA-OsUOA
_cUA-OsUOA
_dUA-OsUOA
245 _aЗастосування показників фінансової звітності у менеджменті
300 _aС.65 - 68
955 _a0
773 0 _w0
_tФінанси України
_dКиїв
_d2004
_g№12
650 7 _aФінансовий механізм
_2UDC
999 _c296234
_d296234